00926nam a2200229 a 4500001001000000005001700010008004100027020003100068050002200099100001800121245011500139260009500254300003000349440002700379500005900406504003100465650003400496650004900530650003700579650005800616700002200674BRCA_191520190320203612.0050608s2006-------a---###---#000-0#spa-# a9706792023 (Obra completa) 4aNA5075b.S54 20061 aSigaut, Nelly10aGuadalupe arte y liturgiabla sillería de coro de la colegiatacNelly Sigaut, César Manrique ... [et al.]. aZamora, MichoacánbEl Colegio de Michoacán : Museo de la Basílica de Guadalupec2006 a2 v.bil. a colorc31 cm. 0aColección Imágenes aIncluye índice de imágenes e índice onomástico aBibliografía: p. 313-33014aSillerías de corozMéxico14aMobiliario y accesorios religiososzMéxico14aColegiata de GuadalupezMéxico14aIglesia Católica en MéxicoxHistoriaySiglo XVIII1 aManrique, César